01314nam a2200289 i 4500001001000000003000900010005001700019007000300036008004100039040003000080041000800110082001700118245014600135264006100281300005000342336002700392337003300419338002800452500007300480504003500553590002600588700005300614942001400667952012800681952019800809999001701007000040272DO-SdBNP20251030110131.0ta090706s1974 dr a 000 0 spa d aDO-SdBNPbspacBNPHUerda aspa 4axxxbxxx22200aManual del investigador en administración :bmetodología para la preparación de trabajos y manuales /cprólogo, Luis E. Del Villar C. 1aSanto Domingo :bOficina Nacional de Presupuesto,c1974. axii, 297 páginas :bilustraciones ;c24 cm. atextobtxt2rdacontent asin mediaciónbn2rdamedia avolumenbnc2rdacarrier aIncluye referencias bibliográficas y notas al pie de las páginas aBibliografía : páginas 297 aInventariado, 2022/BT1 4pr.aDel Villar C., Luis E.,eprologuista988737 2ddccLBS1 00102ddc51708PDaBNPHUbBNPHUcCTd2013-08-21eDonado por FUNDIoBNPHU PD M294 p40272-10r2020-06-25w2020-06-25yLBS1 00102ddc51708PDaBNPHUbBNPHUcCTd2022-10-25eDonaciónl0oBNPHU PD M294p2022-4513r2022-10-25te.2w2022-10-25yLBS1zPerteneció a la biblioteca personal de la Germán Emilio Ornes. c39762d39762